| 000 | 00431nam a2200145Ia 4500 | ||
|---|---|---|---|
| 008 | 150223s9999 xx 000 0 und d | ||
| 020 | _a75341080X | ||
| 050 |
_aG 1021 _b.G875 2003 |
||
| 100 | _aGrolier. | ||
| 245 |
_aWorld atlas / _cGrolier. |
||
| 260 |
_bKingfisher Publications Plc, _c2003 |
||
| 300 |
_a128 pages : _bColored, Illustration ; _c30 cm. |
||
| 504 | _aIncludes glossary, Index. | ||
| 650 |
_a Planet Earth _xGeography |
||
| 999 |
_c283337 _d283337 |
||